Hasil daging, susu, telur dijangka RM1.61 bilion / (Record no. 13339)

MARC details
000 -LEADER
fixed length control field 00839nab a2200253 u 4500
001 - CONTROL NUMBER
control field 16023
003 - CONTROL NUMBER IDENTIFIER
control field HDC
007 - PHYSICAL DESCRIPTION FIXED FIELD--GENERAL INFORMATION
fixed length control field cr bn ---aaaaa
008 - FIXED-LENGTH DATA ELEMENTS--GENERAL INFORMATION
fixed length control field 210220c mydr|noo 0 a may d
040 ## - CATALOGING SOURCE
Original cataloging agency HDC
100 ## - MAIN ENTRY--PERSONAL NAME
Personal name Ziauddin Sharuddin
Relator term author
9 (RLIN) 15992
245 #0 - TITLE STATEMENT
Title Hasil daging, susu, telur dijangka RM1.61 bilion /
Statement of responsibility, etc. by Ziauddin Sharuddin
260 ## - PUBLICATION, DISTRIBUTION, ETC.
Place of publication, distribution, etc. Malaysia :
Name of publisher, distributor, etc. Berita Harian,
Date of publication, distribution, etc. 2002
336 ## - CONTENT TYPE
Content type term text
Source rdacontent
337 ## - MEDIA TYPE
Media type term computer
Source rdamedia
338 ## - CARRIER TYPE
Carrier type term online resource
Source rdacarrier
650 ## - SUBJECT ADDED ENTRY--TOPICAL TERM
Topical term or geographic name entry element dairy industry
9 (RLIN) 14049
650 ## - SUBJECT ADDED ENTRY--TOPICAL TERM
Topical term or geographic name entry element livestock
9 (RLIN) 2405
710 ## - ADDED ENTRY--CORPORATE NAME
Corporate name or jurisdiction name as entry element Berita Harian
856 ## - ELECTRONIC LOCATION AND ACCESS
Public note Request full-text at [email protected]
942 ## - ADDED ENTRY ELEMENTS (KOHA)
Source of classification or shelving scheme Library of Congress Classification
942 ## - ADDED ENTRY ELEMENTS (KOHA)
Koha item type Newspaper Articles
942 ## - ADDED ENTRY ELEMENTS (KOHA)
Call number prefix NSWO 008364
Holdings
Withdrawn status Lost status Source of classification or shelving scheme Damaged status Not for loan Home library Current library Shelving location Date acquired Total checkouts Full call number Date last seen Price effective from Koha item type
    Library of Congress Classification     Halal Development Corporation Library Halal Development Corporation Library Open Shelves 24/05/2023   NSWO 008364 24/05/2023 24/05/2023 Newspaper Articles
Halal Development Corporation Berhad (HDC)
5.02 Level 5, KPMG Tower, First Avenue, Persiaran Bandar Utama, 47800 Petaling Jaya, Selangor Darul Ehsan
Phone: +603 7965 5489 Email: [email protected]